Statistics for Word Scramble Geography by Letter - C

Click here to take the quiz!

General Stats

  • This quiz has been taken 412 times
  • The average score is 13 of 20

Answer Stats

Answer% Correct
Chad
100%
Chile
100%
Canada
97%
China
97%
California
95%
Cyprus
94%
Comoros
93%
Cuba
93%
Cebu
92%
Colombo
90%
Cairo
89%
Congo
89%
Copenhagen
89%
Crete
89%
Colombia
88%
Caracas
87%
Calgary
85%
Cambodia
82%
Columbus
81%
Casablanca
79%
Columbia
79%
Connecticut
79%
Cali
78%
Cardiff
78%
Caspian
77%
Cameroon
75%
Colorado
75%
Crimea
75%
Canton
74%
Chisinau
72%
Canberra
71%
Cheyenne
71%
Cincinnati
71%
Conakry
71%
Croatia
71%
Corsica
68%
Cape Verde
64%
Costa Rica
62%
Chicago
61%
Cape Town
59%
Castries
58%
Charleston
57%
Czech Republic
57%
Chongqing
55%
Cleveland
54%
Chittagong
52%
Chennai
50%
Concord
50%
Chengdu
42%
Carson City
33%

Score Distribution

Percentile by Number Answered

Percent of People with Each Score

Your Score History

You have not taken this quiz